the loud house - Statistics

General Stats
  • This quiz has been taken 455 times
  • The average score is 11 of 15
Answer Stats
Hint Answer % Correct
brother lincoln
93%
youngest sister lily
89%
princess lola
87%
the oldest lori
84%
scary lucy
84%
rock luna
84%
funny luan
83%
stupid leni
80%
muddy lana
79%
sporty lynn
78%
the gifted one lisa
76%
the oldests boyfriend bobby
74%
dogs name charles
49%
cats name cliff
43%
guinea pigs name cheo
4%
No matching quizzes found
Score Distribution
Percent of People with Each Score
Percentile by Number Answered
Your Score History
You have not taken this quiz